Sealy's cases and materials in company law / (Record no. 5475)
[ view plain ]
| 000 -LEADER | |
|---|---|
| fixed length control field | 00473nam a22001697a 4500 |
| 008 - FIXED-LENGTH DATA ELEMENTS--GENERAL INFORMATION | |
| fixed length control field | 130814b xxu||||| |||| 00| 0 eng d |
| 020 ## - INTERNATIONAL STANDARD BOOK NUMBER | |
| International Standard Book Number | 9-7801-9957-6807 |
| 082 ## - DEWEY DECIMAL CLASSIFICATION NUMBER | |
| Edition number | 21 ed. |
| Classification number | 342.066 SEA |
| 100 ## - MAIN ENTRY--PERSONAL NAME | |
| Personal name | Sealy, Len |
| 245 ## - TITLE STATEMENT | |
| Title | Sealy's cases and materials in company law / |
| Statement of responsibility, etc | Len Sealy |
| 250 ## - EDITION STATEMENT | |
| Edition statement | 9 ed. |
| 260 ## - PUBLICATION, DISTRIBUTION, ETC. (IMPRINT) | |
| Place of publication, distribution, etc | USA : |
| Name of publisher, distributor, etc | Oxford university press |
| Date of publication, distribution, etc | 2010 |
| 300 ## - PHYSICAL DESCRIPTION | |
| Extent | lx, 790 P. ; |
| Dimensions | 25 cm. |
| 500 ## - GENERAL NOTE | |
| General note | Includes Index |
| 650 ## - SUBJECT ADDED ENTRY--TOPICAL TERM | |
| Topical term or geographic name as entry element | company law |
| 942 ## - ADDED ENTRY ELEMENTS (KOHA) | |
| Source of classification or shelving scheme | Dewey Decimal Classification |
| Item type | Books |
| Withdrawn status | Lost status | Source of classification or shelving scheme | Damaged status | Not for loan | Home library | Current library | Shelving location | Date acquired | Total Checkouts | Full call number | Barcode | Date last seen | Copy number | Price effective from | Koha item type | Public note |
|---|---|---|---|---|---|---|---|---|---|---|---|---|---|---|---|---|
| Dewey Decimal Classification | Law Development Centre Main Library | Law Development Centre Main Library | Text Books and Laws | 08/14/2013 | 342.066 SEA | 6103/2013 | 08/14/2013 | 1 | 08/14/2013 | Books | Reserve | |||||
| Dewey Decimal Classification | Law Development Centre Main Library | Law Development Centre Main Library | Text Books and Laws | 05/17/2014 | 342.066 SEA | 6705/2014 | 05/17/2014 | 1a | 05/17/2014 | Books | reserve | |||||
| Dewey Decimal Classification | Law Development Centre Main Library | Law Development Centre Main Library | Text Books and Laws | 05/17/2014 | 342.066 SEA | 6706/2014 | 05/17/2014 | 2 | 05/17/2014 | Books | reserve | |||||
| Dewey Decimal Classification | Law Development Centre Main Library | Law Development Centre Main Library | Text Books and Laws | 05/17/2014 | 342.066 SEA | 6707/2014 | 05/17/2014 | 3 | 05/17/2014 | Books | reserve | |||||
| Dewey Decimal Classification | Law Development Centre Main Library | Law Development Centre Main Library | Text Books and Laws | 05/17/2014 | 342.066 SEA | 6708/2014 | 05/17/2014 | 4 | 05/17/2014 | Books | reserve | |||||
| Dewey Decimal Classification | Law Development Centre Main Library | Law Development Centre Main Library | Text Books and Laws | 05/17/2014 | 342.066 SEA | 6710/2014 | 05/17/2014 | 5 | 05/17/2014 | Books | reserve |
